New Mexico's 1st Congressional District Reps by Picture - Statistics

General Stats
  • This quiz has been taken 6 times
    3 since last reset
  • The average score is 5 of 7
Answer Stats
Picture Hint Answer % Correct
1969-1989 Manuel Lujan Jr.
100%
2009-2013 Mark Heinrich
100%
2013-2019 Michelle Lujan Grisham
100%
2019-2021 Deb Haaland
67%
2021-Present Melanie Stansbury
67%
1998-2009 Heather Wilson
33%
1989-1998 Steven Schiff
0%
No matching quizzes found
Score Distribution
Percent of People with Each Score
Percentile by Number Answered
Your Score History
You have not taken this quiz since the last reset